[Event "Guelph Fall ProAm"]
[Site "Guelph CAN"]
[Date "2010.11.06"]
[Round "3"]
[White "Friedman, Alexander"]
[Black "Egorov, Mikhail"]
[Result "1-0"]
[WhiteElo "2034"]
[BlackElo "2201"]
[PlyCount "81"]
[EventDate "2010.11.06"]
[EventType "swiss"]
[EventRounds "5"]
[EventCountry "CAN"]

1. c4 Nf6 2. Nc3 g6 3. g3 d6 4. Bg2 Bg7 5. Nf3 O-O 6. O-O Nbd7 7. d3 c6 8. Bd2
e5 9. Rb1 a6 10. b4 d5 11. cxd5 cxd5 12. e3 Re8 13. Qb3 Nf8 14. a4 h6 15. a5
Be6 16. Na4 N6d7 17. Nc5 Nxc5 18. bxc5 Rb8 19. Rfc1 d4 20. Qa3 dxe3 21. Bxe3
Bd5 22. Rd1 Ne6 23. Qb4 Qd7 24. Nd2 Bxg2 25. Kxg2 Qd5+ 26. Qe4 Nc7 27. Nc4 f5
28. Qxd5+ Nxd5 29. Nd6 Re7 30. c6 Re6 31. Ba7 Rxd6 32. Bxb8 Rxc6 33. Rxb7 Rc2
34. Re1 f4 35. Kf3 fxg3 36. hxg3 g5 37. Bxe5 Bf8 38. Bd4 h5 39. Re8 g4+ 40. Kg2
Nc7 41. Rc8 1-0

[Event "Guelph Fall ProAm"]
[Site "Guelph CAN"]
[Date "2010.11.06"]
[Round "3"]
[White "Guo, Joshua"]
[Black "Bzikot, Robert"]
[Result "1/2-1/2"]
[WhiteElo "2198"]
[BlackElo "2024"]
[PlyCount "102"]
[EventDate "2010.11.06"]
[EventType "swiss"]
[EventRounds "5"]
[EventCountry "CAN"]

1. e4 d6 2. Nf3 Nf6 3. Nc3 g6 4. d4 Bg7 5. h3 O-O 6. Be2 c6 7. a4 Qc7 8. O-O e5
9. dxe5 dxe5 10. Be3 Nbd7 11. Qc1 Re8 12. b4 Nh5 13. Rd1 Nf4 14. Bf1 Nf8 15.
Rb1 h6 16. Kh2 Kh7 17. Qd2 Be6 18. Qd6 Qxd6 19. Rxd6 Rad8 20. Rxd8 Rxd8 21.
Bxa7 g5 22. g3 g4 23. hxg4 Bxg4 24. Nh4 N4e6 25. Be3 Nd4 26. Bd3 Nfe6 27. Kg2
Bf6 28. Nf5 Bg5 29. Bxd4 Nxd4 30. Nxd4 Rxd4 31. f3 Be6 32. Ne2 Rd8 33. f4 Bf6
34. f5 Bd7 35. a5 Bg5 36. Nc3 Rg8 37. Kf3 Bd8 38. Na4 Bc7 39. Nc5 Bc8 40. a6
bxa6 41. Bxa6 Bxa6 42. Nxa6 Bb6 43. Nc5 Ra8 44. Nd3 Ra3 45. b5 c5 46. Rb3 Ra2
47. Nxe5 Rxc2 48. Nd7 c4 49. Rb1 Rc3+ 50. Ke2 Re3+ 51. Kf1 Rb3 1/2-1/2

[Event "Guelph Fall ProAm"]
[Site "Guelph CAN"]
[Date "2010.11.06"]
[Round "3"]
[White "Gusev, Nikita"]
[Black "Grigorescu, Laurentiu"]
[Result "1-0"]
[WhiteElo "2247"]
[BlackElo "2091"]
[PlyCount "61"]
[EventDate "2010.11.06"]
[EventType "swiss"]
[EventRounds "5"]
[EventCountry "CAN"]

1. e4 e5 2. Nf3 Nc6 3. Bb5 a6 4. Ba4 d6 5. O-O Bd7 6. c3 Nge7 7. d4 Ng6 8. Re1
Be7 9. Nbd2 h6 10. Nf1 b5 11. Bb3 exd4 12. cxd4 Na5 13. Bc2 Bg5 14. Nxg5 hxg5
15. e5 Nf4 16. exd6+ Kf8 17. Be4 Rc8 18. dxc7 Rxc7 19. Bd2 Nb7 20. Bb4+ Kg8 21.
d5 f5 22. d6 Rc4 23. Bd5+ Nxd5 24. Qxd5+ Kh7 25. Bc3 Qc8 26. Re7 Rg8 27. Qf7
Be8 28. Qd5 Nc5 29. Qe5 Rxc3 30. Qxc3 Qc6 31. Rc1 1-0

[Event "Guelph Fall ProAm"]
[Site "Guelph CAN"]
[Date "2010.11.06"]
[Round "3"]
[White "Plotkin, Victor"]
[Black "Sambuev, Bator"]
[Result "0-1"]
[WhiteElo "2398"]
[BlackElo "2672"]
[PlyCount "142"]
[EventDate "2010.11.06"]
[EventType "swiss"]
[EventRounds "5"]
[EventCountry "CAN"]

1. e4 d5 2. exd5 Nf6 3. Nf3 Nxd5 4. d4 g6 5. Bc4 Bg7 6. O-O O-O 7. c3 Nc6 8.
Re1 Qd6 9. Nbd2 Bf5 10. Ne4 Bxe4 11. Rxe4 e6 12. Re1 h6 13. Bd2 Rad8 14. Qc2
Nb6 15. Bf1 e5 16. dxe5 Nxe5 17. Nxe5 Qxd2 18. Qb3 Qd5 19. Bc4 Nxc4 20. Nxc4 b6
21. Rad1 Qh5 22. h3 Qg5 23. Ne3 Rde8 24. Qa4 Qc5 25. Qb3 c6 26. Rd7 a5 27. Red1
b5 28. Qc2 h5 29. Qd3 Re6 30. Rd8 Bf6 31. Rxf8+ Kxf8 32. Nf1 Kg7 33. Ng3 Qe5
34. Nf1 Bg5 35. Nh2 Qe2 36. Qxe2 Rxe2 37. Nf3 Bh6 38. Rb1 c5 39. Kf1 Rc2 40.
Ne1 Rd2 41. Nf3 Rd5 42. Ke2 Kf6 43. b3 Rd6 44. c4 Re6+ 45. Kd3 b4 46. Re1 Rxe1
47. Nxe1 Kf5 48. Nf3 Bc1 49. Nh4+ Ke6 50. Ke4 f5+ 51. Kd3 g5 52. Nf3 g4 53. Ng1
Ke5 54. hxg4 fxg4 55. g3 Bg5 56. Ne2 Kf5 57. Ng1 h4 58. gxh4 Bxh4 59. f3 Bf2
60. fxg4+ Kxg4 61. Ne2 Kf3 62. Nc1 Be3 63. Ne2 Bg5 64. Ng1+ Kg2 65. Ne2 Kf2 66.
a4 Bh6 67. Nd4 cxd4 68. c5 Bf4 69. Kxd4 Ke2 70. Kc4 Kd2 71. Kb5 Kc3 0-1

[Event "Guelph Fall ProAm"]
[Site "Guelph CAN"]
[Date "2010.11.06"]
[Round "3"]
[White "Semianiuk, Konstantin"]
[Black "Orlova, Yelizaveta"]
[Result "1/2-1/2"]
[WhiteElo "2195"]
[BlackElo "2023"]
[PlyCount "76"]
[EventDate "2010.11.06"]
[EventType "swiss"]
[EventRounds "5"]
[EventCountry "CAN"]

1. d4 c5 2. e3 g6 3. Nf3 Bg7 4. c3 Qc7 5. Bd3 Nf6 6. e4 d6 7. O-O O-O 8. Bf4
Bg4 9. Nbd2 Nfd7 10. d5 Ne5 11. Be2 Nxf3+ 12. Bxf3 Bxf3 13. Nxf3 b5 14. Qd2 Rc8
15. Bh6 a5 16. Qf4 Nd7 17. Qh4 Nf6 18. Ng5 Qd8 19. Rae1 Bxh6 20. Qxh6 Qf8 21.
Qh4 h6 22. Nh3 g5 23. Qg3 Qg7 24. Qe3 Kh8 25. f4 g4 26. Nf2 Rg8 27. g3 Rad8 28.
Qe2 Nh5 29. Nd1 b4 30. Qd2 Qh7 31. e5 Ng7 32. exd6 exd6 33. f5 f6 34. Re7 Rge8
35. Rfe1 h5 36. Qf4 Kg8 37. Rxe8+ Rxe8 38. Rxe8+ Nxe8 1/2-1/2

[Event "Guelph Fall ProAm"]
[Site "Guelph CAN"]
[Date "2010.11.06"]
[Round "3"]
[White "Song, Terry"]
[Black "Demmery, Steve"]
[Result "0-1"]
[WhiteElo "1919"]
[BlackElo "2159"]
[PlyCount "112"]
[EventDate "2010.11.06"]
[EventType "swiss"]
[EventRounds "5"]
[EventCountry "CAN"]

1. e4 d6 2. d4 Nf6 3. Nc3 c6 4. Nf3 Bg4 5. h3 Bh5 6. Be2 e6 7. Bf4 a6 8. a4 d5
9. e5 Nfd7 10. Ng1 Bg6 11. Bd3 c5 12. Bxg6 hxg6 13. Nf3 Nc6 14. dxc5 Bxc5 15.
O-O Bb4 16. Qe2 Bxc3 17. bxc3 Na5 18. Be3 Qc7 19. Bd4 Rc8 20. Nd2 Nc6 21. Nf3
Nxd4 22. cxd4 Qxc2 23. Qxc2 Rxc2 24. Rfc1 Rxc1+ 25. Rxc1 Kd8 26. Ng5 Rf8 27. a5
Nb8 28. Rb1 Kc7 29. Nf3 Nc6 30. Ra1 Kd7 31. Kf1 Rc8 32. Ra4 Na7 33. Nd2 Nb5 34.
Nb3 Rc4 35. Nc5+ Kc6 36. Rxc4 dxc4 37. Ne4 Kd5 38. Nc5 Kc6 39. Ne4 Nxd4 40. Nd6
c3 41. Ke1 Nb3 42. Kd1 Nxa5 43. Ne4 Kd5 44. Nxc3+ Kxe5 45. Kc2 b5 46. Na2 Nc6
47. Nc1 g5 48. Nd3+ Kd4 49. Ne1 Ne5 50. Kb3 a5 51. Nc2+ Kd3 52. Na3 b4 53. Nb5
Ke2 54. Ka4 Kxf2 55. Kxa5 Kxg2 56. Kxb4 Kxh3 0-1

[Event "Guelph Fall ProAm"]
[Site "Guelph CAN"]
[Date "2010.11.06"]
[Round "3"]
[White "Strugach, Alexander"]
[Black "Lin, Tony (Juntao)"]
[Result "0-1"]
[WhiteElo "2116"]
[BlackElo "1925"]
[PlyCount "140"]
[EventDate "2010.11.06"]
[EventType "swiss"]
[EventRounds "5"]
[EventCountry "CAN"]

1. e4 c5 2. Nf3 d6 3. d4 cxd4 4. Nxd4 Nf6 5. Nc3 Nc6 6. Bc4 e6 7. O-O Be7 8.
Be3 a6 9. Qe2 O-O 10. Rad1 Bd7 11. Nxc6 Bxc6 12. e5 Ne4 13. Nxe4 Bxe4 14. exd6
Bf6 15. Bf4 Bc6 16. Be5 b5 17. Bd3 Bd5 18. Bxf6 Qxf6 19. c4 bxc4 20. Bxc4 Bxc4
21. Qxc4 Qxb2 22. d7 Rfd8 23. Qc6 Rab8 24. Qxa6 Qb5 25. Qxb5 Rxb5 26. Rd2 Kf8
27. Rfd1 Ke7 28. Kf1 Rb7 29. Ke2 Ra7 30. Ke3 Ra4 31. g3 Ra3+ 32. Kf4 Ra4+ 33.
Kf3 Ra3+ 34. Kg4 Ra4+ 35. Kh3 Ra3 36. Kh4 Ra4+ 37. g4 h5 38. h3 hxg4 39. hxg4
Ra3 40. g5 Ra4+ 41. Kg3 Ra3+ 42. f3 Ra4 43. f4 Ra3+ 44. Kh4 f5 45. Rd3 Rxa2 46.
Rb1 Rg2 47. Kh3 Rg4 48. Kh2 Rxf4 49. Kg3 Rg4+ 50. Kf3 Rxg5 51. Rb7 Rg4 52. Rc7
Rb4 53. Ke3 Rb6 54. Ra3 Rxd7 55. Rxd7+ Kxd7 56. Ra7+ Kd6 57. Rxg7 Ke5 58. Ra7
Rb3+ 59. Kf2 f4 60. Ra5+ Kf6 61. Kg2 e5 62. Kf2 Kf5 63. Ra2 e4 64. Ke2 f3+ 65.
Kf2 Kf4 66. Ra1 Rb2+ 67. Kg1 Kg3 68. Kf1 e3 69. Kg1 f2+ 70. Kh1 Re2 0-1

[Event "Guelph Fall ProAm"]
[Site "Guelph CAN"]
[Date "2010.11.07"]
[Round "4"]
[White "Bzikot, Robert"]
[Black "Semianiuk, Konstantin"]
[Result "0-1"]
[WhiteElo "2024"]
[BlackElo "2195"]
[PlyCount "98"]
[EventDate "2010.11.06"]
[EventType "swiss"]
[EventRounds "5"]
[EventCountry "CAN"]

1. e4 c5 2. Nc3 Nc6 3. g3 g6 4. Bg2 Bg7 5. d3 d6 6. f4 e6 7. Nf3 Nge7 8. O-O
O-O 9. Be3 Nd4 10. Rb1 Qa5 11. a3 Nec6 12. h3 Nxf3+ 13. Rxf3 Bxc3 14. bxc3 Qxc3
15. Bc1 Nd4 16. Rf2 Bd7 17. Bb2 Qa5 18. c3 Nc6 19. f5 exf5 20. exf5 Bxf5 21.
Rxf5 gxf5 22. Qh5 f6 23. c4 Ne7 24. Qh4 Qb6 25. Qh5 Rf7 26. Qd1 Qc7 27. Bc3 Rb8
28. Qe2 Qd7 29. Bf3 d5 30. Bh5 Rff8 31. Re1 Ng6 32. Qf2 d4 33. Bd2 b5 34. Bf3
bxc4 35. dxc4 Ne5 36. Bd5+ Kh8 37. Bh6 Nd3 38. Be6 Qc7 39. Bf4 Qa5 40. Bd2 Qc7
41. Bf4 Qg7 42. Qd2 Nxe1 43. Qxe1 Rbd8 44. Bd5 Rfe8 45. Qf2 Qe7 46. Kf1 d3 47.
Bf3 Rd4 48. Bh5 Red8 49. Qb2 d2 0-1

[Event "Guelph Fall ProAm"]
[Site "Guelph CAN"]
[Date "2010.11.07"]
[Round "4"]
[White "Demmery, Steve"]
[Black "Rezvani, Hemmat"]
[Result "1-0"]
[WhiteElo "2159"]
[BlackElo "2026"]
[PlyCount "111"]
[EventDate "2010.11.06"]
[EventType "swiss"]
[EventRounds "5"]
[EventCountry "CAN"]

1. d4 e6 2. c4 d5 3. Nf3 c6 4. Qc2 Nf6 5. g3 Bd6 6. Bg2 Nbd7 7. O-O O-O 8. Nc3
Re8 9. Rd1 Qe7 10. e4 dxe4 11. Nxe4 Nxe4 12. Qxe4 h6 13. Ne5 Nxe5 14. dxe5 Bc5
15. a3 a5 16. Be3 Bxe3 17. Qxe3 a4 18. Rd6 Ra5 19. Rad1 f5 20. f4 Kf7 21. R1d3
Ra8 22. Qd2 Kg6 23. c5 Rf8 24. R3d4 Qc7 25. Qc2 Qa5 26. Kf2 Kf7 27. Bf1 Re8 28.
Bc4 Kf8 29. Be2 g6 30. Bd1 Qb5 31. Rb4 Qa5 32. Rxa4 Qxa4 33. Qxa4 Rxa4 34. Bxa4
Ke7 35. Ke3 g5 36. Rd2 Rg8 37. Bd1 gxf4+ 38. gxf4 Bd7 39. b4 Rg1 40. a4 Re1+
41. Be2 Be8 42. Rd1 Rxd1 43. Bxd1 Kd7 44. Be2 Kc7 45. Kd4 b6 46. cxb6+ Kxb6 47.
a5+ Kc7 48. Kc5 Bd7 49. Bh5 Bc8 50. Be8 Bb7 51. a6 Bxa6 52. Bxc6 Bd3 53. b5 Bc2
54. b6+ Kb8 55. Kd6 Be4 56. Bd7 1-0

[Event "Guelph Fall ProAm"]
[Site "Guelph CAN"]
[Date "2010.11.07"]
[Round "4"]
[White "Egorov, Mikhail"]
[Black "Ferreira, Alex"]
[Result "1/2-1/2"]
[WhiteElo "2201"]
[BlackElo "2087"]
[PlyCount "71"]
[EventDate "2010.11.06"]
[EventType "swiss"]
[EventRounds "5"]
[EventCountry "CAN"]

1. Nf3 d5 2. b3 c5 3. Bb2 Nc6 4. e3 Nf6 5. Bb5 Bf5 6. O-O e6 7. Ne5 Rc8 8. f4
Bd6 9. Bxc6+ bxc6 10. d3 Bxe5 11. fxe5 Ng4 12. Qe1 d4 13. exd4 cxd4 14. Na3 Ne3
15. Rf3 c5 16. Bc1 Nd5 17. Nc4 Rc6 18. Nd6+ Rxd6 19. exd6 O-O 20. Bd2 Qxd6 21.
Qg3 Qxg3 22. Rxg3 e5 23. Re1 f6 24. Rf3 Bd7 25. h3 Re8 26. Rf2 Kf7 27. a3 Ke6
28. Rc1 f5 29. g3 h5 30. h4 Nf6 31. Re2 Bc6 32. c3 Ng4 33. cxd4 Bf3 34. Rxe5+
Nxe5 35. dxe5 Rd8 36. Rc3 1/2-1/2

[Event "Guelph Fall ProAm"]
[Site "Guelph CAN"]
[Date "2010.11.07"]
[Round "4"]
[White "Grigorescu, Laurentiu"]
[Black "Drkulec, Vladimir"]
[Result "1/2-1/2"]
[WhiteElo "2091"]
[BlackElo "2230"]
[PlyCount "75"]
[EventDate "2010.11.06"]
[EventType "swiss"]
[EventRounds "5"]
[EventCountry "CAN"]

1. d4 Nf6 2. c4 g6 3. d5 c6 4. Nc3 Bg7 5. e4 cxd5 6. cxd5 Qa5 7. Bd2 O-O 8. a3
Qb6 9. Na4 Qd8 10. f3 e6 11. dxe6 dxe6 12. Bb4 Re8 13. Qxd8 Rxd8 14. Bc3 b6 15.
b4 Nc6 16. Rd1 Rxd1+ 17. Kxd1 Bd7 18. b5 Rd8 19. Kc2 Na5 20. Bd3 Rc8 21. Ne2
Ne8 22. Kd2 Nb3+ 23. Kc2 Nd4+ 24. Nxd4 Bxd4 25. Kd2 Bg7 26. Bxg7 Kxg7 27. e5
Rd8 28. Ke3 Nc7 29. Nc3 Be8 30. Bc4 f5 31. f4 h6 32. h4 Kf7 33. a4 Ke7 34. Ra1
Rc8 35. Kd4 Rd8+ 36. Ke3 Rc8 37. Kd4 Rd8+ 38. Ke3 1/2-1/2

[Event "Guelph Fall ProAm"]
[Site "Guelph CAN"]
[Date "2010.11.07"]
[Round "4"]
[White "Lacau Rodean, Iulia"]
[Black "Plotkin, Victor"]
[Result "0-1"]
[WhiteElo "2031"]
[BlackElo "2398"]
[PlyCount "90"]
[EventDate "2010.11.06"]
[EventType "swiss"]
[EventRounds "5"]
[EventCountry "CAN"]

1. e4 e5 2. Nf3 Nf6 3. Nxe5 Nxe4 4. Qe2 Qe7 5. Qxe4 d6 6. d4 dxe5 7. dxe5 Nc6
8. Bb5 Bd7 9. O-O O-O-O 10. Bxc6 Bxc6 11. Qe3 Kb8 12. Bd2 h5 13. Bc3 g5 14. Nd2
Bh6 15. e6 g4 16. Qe2 Rhe8 17. Nb3 fxe6 18. Nd4 Bd5 19. Rad1 Bf4 20. Bd2 Bf3
21. gxf3 Rxd4 22. Bxf4 Rxf4 23. fxg4 Rxg4+ 24. Kh1 Rgg8 25. Rd3 Qf6 26. Re3
Qxb2 27. Rxe6 Ref8 28. Re1 a6 29. Qxh5 Qxc2 30. Re8+ Ka7 31. Rxf8 Rxf8 32. Qe2
Rxf2 33. Qxc2 Rxc2 34. a4 c5 35. Ra1 Kb6 36. Ra3 c4 37. h4 Rd2 38. h5 Kc5 39.
h6 Rd7 40. Kg2 Kb4 41. Rh3 Rh7 42. Rh4 Kb3 43. Kf3 c3 44. Ke3 c2 45. Kd2 Re7
0-1

[Event "Guelph Fall ProAm"]
[Site "Guelph CAN"]
[Date "2010.11.07"]
[Round "4"]
[White "Olheiser, Gordon"]
[Black "Lacau Rodean, Lucian"]
[Result "1-0"]
[WhiteElo "2044"]
[BlackElo "2168"]
[PlyCount "89"]
[EventDate "2010.11.06"]
[EventType "swiss"]
[EventRounds "5"]
[EventCountry "CAN"]

1. d4 Nf6 2. Nf3 g6 3. e3 Bg7 4. c4 O-O 5. b4 d6 6. Bb2 b6 7. Be2 Bb7 8. Nbd2
Nbd7 9. O-O Qe8 10. Qc2 e5 11. dxe5 dxe5 12. c5 e4 13. c6 exf3 14. Bxf3 Bxc6
15. Bxc6 Rd8 16. Nf3 Qe7 17. a3 Ng4 18. Bxg7 Kxg7 19. Qc3+ Kg8 20. h3 Nge5 21.
Nd4 Qh4 22. Bxd7 Rxd7 23. f4 c5 24. bxc5 bxc5 25. Qxc5 Nd3 26. Qc3 Rxd4 27.
Qxd4 Rd8 28. Qxa7 Qf6 29. a4 Nb2 30. a5 Nc4 31. a6 Qb2 32. Rad1 Re8 33. Qd7
Rxe3 34. Qd8+ Kg7 35. Qd4+ Qxd4 36. Rxd4 Nb6 37. Ra1 Re8 38. a7 Ra8 39. Rb4 Nc8
40. Rb7 Kf6 41. Ra6+ Kf5 42. Rxf7+ Ke4 43. Rc7 Kxf4 44. Rxc8 Rxc8 45. a8=Q 1-0

[Event "Guelph Fall ProAm"]
[Site "Guelph CAN"]
[Date "2010.11.07"]
[Round "4"]
[White "Parmet, Daniel"]
[Black "Strugach, Alexander"]
[Result "1-0"]
[WhiteElo "1905"]
[BlackElo "2116"]
[PlyCount "75"]
[EventDate "2010.11.06"]
[EventType "swiss"]
[EventRounds "5"]
[EventCountry "CAN"]

1. Nf3 Nf6 2. c4 c5 3. g3 Nc6 4. Bg2 e6 5. O-O d5 6. d3 Be7 7. Nbd2 O-O 8. b3
b6 9. Bb2 Bb7 10. Ne5 Qc7 11. Nxc6 Bxc6 12. Nf3 d4 13. b4 cxb4 14. Bxd4 Nd7 15.
Qc2 a5 16. Rac1 Nc5 17. Be5 Qb7 18. Rfd1 a4 19. d4 Ne4 20. Ne1 Nc3 21. d5 exd5
22. Bxc3 bxc3 23. cxd5 Bf6 24. dxc6 Qa6 25. Qd3 b5 26. Qf5 b4 27. Be4 g6 28.
Qxf6 Qxe2 29. Rd4 b3 30. axb3 axb3 31. Rb4 b2 32. Rb1 Ra1 33. Qxc3 Qxe4 34.
Rxe4 Rxb1 35. Qc2 Rc1 36. Qxb2 Rxc6 37. Qb7 Rc1 38. Kg2 1-0

[Event "Guelph Fall ProAm"]
[Site "Guelph CAN"]
[Date "2010.11.07"]
[Round "5"]
[White "Bzikot, Robert"]
[Black "Egorov, Mikhail"]
[Result "0-1"]
[WhiteElo "2024"]
[BlackElo "2201"]
[PlyCount "66"]
[EventDate "2010.11.06"]
[EventType "swiss"]
[EventRounds "5"]
[EventCountry "CAN"]

1. e4 c5 2. Nf3 Nc6 3. d4 cxd4 4. Nxd4 Nf6 5. Nc3 e5 6. Ndb5 d6 7. Nd5 Nxd5 8.
exd5 Nb8 9. a4 Be7 10. Be2 O-O 11. O-O f5 12. f4 a6 13. Na3 Nd7 14. Be3 exf4
15. Bxf4 g5 16. Be3 Ne5 17. Nc4 f4 18. Bd4 Nxc4 19. Bxc4 Bf6 20. a5 Bf5 21. c3
Qe7 22. Re1 Qg7 23. Bxf6 Rxf6 24. Ba2 Raf8 25. b4 g4 26. Qd2 Bd7 27. Kh1 g3 28.
Kg1 Qg4 29. Re4 Qh5 30. h3 Kh8 31. Rf1 Bxh3 32. gxh3 f3 33. Bb1 f2+ 0-1

[Event "Guelph Fall ProAm"]
[Site "Guelph CAN"]
[Date "2010.11.07"]
[Round "5"]
[White "Ferreira, Alex"]
[Black "Demmery, Steve"]
[Result "1/2-1/2"]
[WhiteElo "2087"]
[BlackElo "2159"]
[PlyCount "133"]
[EventDate "2010.11.06"]
[EventType "swiss"]
[EventRounds "5"]
[EventCountry "CAN"]

1. c4 e5 2. Nc3 Nf6 3. g3 g6 4. d3 Bg7 5. Bg2 O-O 6. Rb1 c6 7. Nf3 Re8 8. O-O
a5 9. a3 d5 10. cxd5 Nxd5 11. Nxd5 cxd5 12. b4 axb4 13. axb4 Qd6 14. e4 d4 15.
Nd2 Be6 16. f4 f6 17. Nf3 Nd7 18. fxe5 Nxe5 19. Bf4 h6 20. Qd2 g5 21. Bxe5 fxe5
22. Rfc1 Ra2 23. Rb2 Rea8 24. h3 Rxb2 25. Qxb2 Ra2 26. Qb1 Qa6 27. b5 Qa3 28.
b6 Rb2 29. Qa1 Qxa1 30. Rxa1 Rxb6 31. Ra5 Rb1+ 32. Kf2 b5 33. Ra8+ Kf7 34. Ra7+
Kf8 35. Ra6 Ke7 36. Ra7+ Bd7 37. Nd2 Rb2 38. Ke1 Bf8 39. Kd1 Ke6 40. Bf3 Kd6
41. Ra8 Be7 42. Rh8 g4 43. Bxg4 Bxg4+ 44. hxg4 Bg5 45. Nf3 Rg2 46. Nh4 Rd2+ 47.
Kc1 Rxd3+ 48. Kb2 Rd2+ 49. Kb3 Re2 50. Nf5+ Kc5 51. Rc8+ Kb6 52. Rb8+ Kc6 53.
Rc8+ Kd7 54. Rc5 Rxe4 55. Rxb5 Kc6 56. Kc4 Re1 57. Rc5+ Kd7 58. Ra5 Bc1 59. Ra6
Re2 60. Kd3 Re1 61. Kc4 Bg5 62. Nxh6 Bxh6 63. Rxh6 Re4 64. Kd5 Rxg4 65. Kxe5
Rxg3 66. Rd6+ Ke7 67. Rxd4 1/2-1/2

[Event "Guelph Fall ProAm"]
[Site "Guelph CAN"]
[Date "2010.11.07"]
[Round "5"]
[White "Guo, Joshua"]
[Black "Friedman, Alexander"]
[Result "1-0"]
[WhiteElo "2198"]
[BlackElo "2034"]
[PlyCount "53"]
[EventDate "2010.11.06"]
[EventType "swiss"]
[EventRounds "5"]
[EventCountry "CAN"]

1. e4 c5 2. Nf3 e6 3. c3 Nf6 4. Bd3 Nc6 5. Bc2 Qc7 6. O-O Be7 7. Re1 O-O 8. d4
d6 9. Bg5 b6 10. Nbd2 Bb7 11. Rc1 Rac8 12. e5 Nd5 13. Ne4 Bxg5 14. exd6 Qd7 15.
Nexg5 Nf6 16. Qd3 c4 17. Qxc4 Ne5 18. Nxe5 Rxc4 19. Nxd7 Nxd7 20. Bd3 Rcc8 21.
Bxh7+ Kh8 22. Be4 Bxe4 23. Nxe4 Rc6 24. f3 Kh7 25. h4 Kg6 26. a4 Rfc8 27. b4
1-0

[Event "Guelph Fall ProAm"]
[Site "Guelph CAN"]
[Date "2010.11.07"]
[Round "5"]
[White "Lacau Rodean, Iulia"]
[Black "Parmet, Daniel"]
[Result "1-0"]
[WhiteElo "2031"]
[BlackElo "1905"]
[PlyCount "101"]
[EventDate "2010.11.06"]
[EventType "swiss"]
[EventRounds "5"]
[EventCountry "CAN"]

1. e4 e5 2. Nf3 Nc6 3. Bb5 Nf6 4. O-O Nxe4 5. Re1 Nd6 6. Bxc6 dxc6 7. Nxe5 Be7
8. Nc3 O-O 9. d3 f6 10. Nf3 Bg4 11. h3 Bh5 12. b3 Nf7 13. g4 Bg6 14. Nh4 Nh8
15. Nxg6 Nxg6 16. Qe2 Bb4 17. Bd2 Nf4 18. Qf3 Ng6 19. Ne4 Bxd2 20. Nxd2 f5 21.
Qg3 f4 22. Qf3 Nh4 23. Qe4 h5 24. Qe7 hxg4 25. hxg4 Rf7 26. Qxd8+ Rxd8 27. Re4
g5 28. Rae1 Kg7 29. Re8 Rdd7 30. f3 Ng6 31. Kf2 Rfe7 32. R1xe7+ Rxe7 33. Rxe7+
Nxe7 34. Ne4 Kg6 35. c4 b6 36. d4 a5 37. Ke2 Nc8 38. Kd3 Nd6 39. a3 Nc8 40. b4
axb4 41. axb4 Ne7 42. Kc3 Ng8 43. Nf2 Kf6 44. Nd3 Ne7 45. Ne5 Ke6 46. Nxc6 Nxc6
47. d5+ Kd6 48. dxc6 Kxc6 49. Kd4 Kd6 50. Ke4 Ke6 51. b5 1-0

[Event "Guelph Fall ProAm"]
[Site "Guelph CAN"]
[Date "2010.11.07"]
[Round "5"]
[White "Lin, Tony (Juntao)"]
[Black "Grigorescu, Laurentiu"]
[Result "0-1"]
[WhiteElo "1925"]
[BlackElo "2091"]
[PlyCount "194"]
[EventDate "2010.11.06"]
[EventType "swiss"]
[EventRounds "5"]
[EventCountry "CAN"]

1. e4 e5 2. d4 exd4 3. c3 Nf6 4. e5 Qe7 5. cxd4 Ne4 6. Nf3 d5 7. Bd3 f5 8. O-O
Na6 9. a3 Qe6 10. Nc3 Be7 11. Nd2 Nxc3 12. bxc3 Bd7 13. Rb1 Bc6 14. Qe2 Nb8 15.
Nf3 h6 16. c4 Nd7 17. cxd5 Bxd5 18. Qc2 O-O 19. Qxc7 Rfc8 20. Qa5 b6 21. Qd2
Rf8 22. Qe2 Rac8 23. a4 Nb8 24. Bd2 Nc6 25. Rb5 Bxf3 26. Qxf3 Nxd4 27. Qb7 Nxb5
28. Bxb5 Rfd8 29. Be3 Qxe5 30. Qxa7 Bc5 31. Bxc5 Qxc5 32. Qb7 Rc7 33. Qf3 Re7
34. Qb3+ Kh8 35. Qf3 Qd5 36. Qg3 Qe5 37. Qb3 f4 38. Bc6 Qc5 39. Bb5 Rf8 40. Qf3
Qb4 41. Qg4 Qc3 42. Qg6 Qf6 43. Qd3 f3 44. Qxf3 Qxf3 45. gxf3 Rxf3 46. Rc1 Ref7
47. Rc2 g5 48. Rd2 Kg7 49. Rc2 Re7 50. Rc6 Rf6 51. Rc2 Rd6 52. Kg2 h5 53. Rc8
Kf6 54. Rf8+ Rf7 55. Rh8 h4 56. Rh6+ Ke5 57. Rh8 Rf4 58. h3 Rff6 59. Rc8 Rd4
60. Rc3 Ke4 61. Re3+ Kd5 62. Re8 Kc5 63. Re5+ Rd5 64. Re4 Rf4 65. Rxf4 gxf4 66.
Kf3 Rd4 67. Kg4 f3+ 68. Kxf3 Kd6 69. Ke3 Ke5 70. Kf3 Kf5 71. Ke3 Rb4 72. Bd7+
Kg5 73. Kf3 Kf6 74. Bb5 Ke5 75. Bc6 Rf4+ 76. Ke3 Rc4 77. Bd7 Rc3+ 78. Kd2 Ra3
79. Ke2 Kf4 80. Kf1 Rd3 81. Be6 Rd4 82. Bb3 Kf3 83. Ke1 Kg2 84. Ke2 Kxh3 85.
Ke3 Rb4 86. Be6+ Kg2 87. f4 Rxa4 88. f5 Kg3 89. f6 Rf4 90. f7 b5 91. Bd5 b4 92.
Bb3 h3 93. Ba2 h2 94. Bd5 Rxf7 95. Bxf7 h1=Q 96. Kd4 Qh4+ 97. Kc5 Qe7+ 0-1

[Event "Guelph Fall ProAm"]
[Site "Guelph CAN"]
[Date "2010.11.07"]
[Round "5"]
[White "Olheiser, Gordon"]
[Black "Song, Terry"]
[Result "0-1"]
[WhiteElo "2044"]
[BlackElo "1919"]
[PlyCount "102"]
[EventDate "2010.11.06"]
[EventType "swiss"]
[EventRounds "5"]
[EventCountry "CAN"]

1. d4 Nf6 2. c4 c5 3. d5 b5 4. Nf3 d6 5. cxb5 a6 6. b6 g6 7. Nc3 Nbd7 8. e4 Bg7
9. Be2 O-O 10. O-O Nxb6 11. a4 Bg4 12. Nd2 Bxe2 13. Qxe2 Qc7 14. a5 Nc8 15. Nc4
Nd7 16. f4 Na7 17. Nb6 Nxb6 18. axb6 Qxb6 19. Qxa6 Qxa6 20. Rxa6 Bd4+ 21. Kh1
Bxc3 22. bxc3 Nb5 23. Rxa8 Rxa8 24. Bb2 Ra4 25. Re1 Ra2 26. Rb1 Na3 27. Bxa3
Rxa3 28. Rc1 Ra2 29. e5 dxe5 30. fxe5 Re2 31. d6 Rxe5 32. dxe7 Rxe7 33. Kg1 Re2
34. Kf1 Rd2 35. c4 Kg7 36. Rc3 f5 37. Ra3 Rd4 38. Ra7+ Kh6 39. Rc7 Rxc4 40. Kf2
Rc2+ 41. Kf3 c4 42. h4 c3 43. g3 Rc1 44. Kg2 c2 45. Kh2 g5 46. Kg2 gxh4 47.
gxh4 f4 48. Kh2 f3 49. Rc6+ Kg7 50. Rc3 f2 51. Rg3+ Kh8 0-1

[Event "Guelph Fall ProAm"]
[Site "Guelph CAN"]
[Date "2010.11.07"]
[Round "5"]
[White "Sapozhnikov, Roman"]
[Black "Sambuev, Bator"]
[Result "0-1"]
[WhiteElo "2390"]
[BlackElo "2672"]
[PlyCount "124"]
[EventDate "2010.11.06"]
[EventType "swiss"]
[EventRounds "5"]
[EventCountry "CAN"]

1. e4 e6 2. d4 d5 3. Nc3 Nf6 4. e5 Nfd7 5. f4 c5 6. Nf3 Nc6 7. Be3 a6 8. Qd2 b5
9. a3 Qc7 10. Qf2 Na5 11. dxc5 Nxc5 12. Bd3 Nc4 13. Bxc4 dxc4 14. O-O Bb7 15.
Rad1 Be7 16. Rd6 Nd7 17. Rd2 O-O 18. Qg3 Rfd8 19. Ng5 Nf8 20. Rdf2 Rd7 21. h4
h6 22. Nge4 Ng6 23. Nf6+ gxf6 24. h5 f5 25. hxg6 Qd8 26. gxf7+ Kxf7 27. Qh3 Qg8
28. Qxh6 Qh8 29. Qxh8 Rxh8 30. Rd1 Rc7 31. Rfd2 Bc6 32. Ne2 Rcc8 33. Nd4 Be4
34. Nf3 c3 35. bxc3 Rxc3 36. Kf2 Bd5 37. Rd3 Rxc2+ 38. R1d2 Rc4 39. Bd4 Rh1 40.
Ng5+ Bxg5 41. fxg5 Kg6 42. Rc3 Rxc3 43. Bxc3 Rc1 44. Bb4 Rc4 45. Be7 Rf4+ 46.
Kg3 Re4 47. Bd6 Kxg5 48. Kf2 Rf4+ 49. Ke3 Rc4 50. Rd4 f4+ 51. Kd3 Rxd4+ 52.
Kxd4 Bxg2 53. Kd3 Bf1+ 54. Kd2 Kf5 55. Ke1 Bc4 56. Kf2 Ke4 57. Bc7 Bd5 58. Bd6
a5 59. Bc7 b4 60. axb4 a4 61. b5 a3 62. Ba5 Kd3 0-1

[Event "Guelph Fall ProAm"]
[Site "Guelph CAN"]
[Date "2010.11.07"]
[Round "5"]
[White "Semianiuk, Konstantin"]
[Black "Gusev, Nikita"]
[Result "1/2-1/2"]
[WhiteElo "2195"]
[BlackElo "2247"]
[PlyCount "50"]
[EventDate "2010.11.06"]
[EventType "swiss"]
[EventRounds "5"]
[EventCountry "CAN"]

1. e4 c5 2. Nf3 e6 3. b3 d5 4. Bb5+ Nc6 5. Bb2 a6 6. Bxc6+ bxc6 7. Qe2 Nf6 8.
d3 Be7 9. Nbd2 Qc7 10. O-O O-O 11. Rfe1 Nd7 12. e5 Kh8 13. a4 a5 14. Bc3 Ba6
15. Rad1 Rae8 16. Nf1 f6 17. exf6 Bxf6 18. Ne5 Nb8 19. Qd2 Bd8 20. Ng3 d4 21.
Bb2 Nd7 22. Nxd7 Qxd7 23. Ne4 Qd5 24. Ba3 Bb6 25. Re2 Bc8 1/2-1/2